000 00737cam a2200229 a 4500
001 000018575
005 20200929165827.0
008 930511s1992 cu 000 1 spa d
020 _a9590400027
040 _aDO-SdBNP
_bspa
_cLC
_dBNPHU
082 _aPe863.44
_bC355t
100 1 _aCastro Arrasco, Dante,
_d1959-
_940173
245 1 0 _aTierra de pishtacos /
_cDante Castro Arrasco ; edición Clara Hernández.
260 _aLa Habana :
_bCasa de las Américas,
_c1992.
300 _a84 p. ;
_c20 cm.
586 _a"Premio Casa de las Américas 1992".
650 4 _aCuentos peruanos
_922009
650 4 _aLiteratura peruana
_93140
700 1 _aHernández, Clara,
_eed.
_94129
910 _aCatalogación derivada / LC
049 _aBNGR
999 _c18095
_d18095